000 00775nam a22002777a 4500
001 0020175
003 KOHA_MİRAKIL
005 20260207002252.0
007 ta
008 100805b1993 tu |||gr||||#||||1|tur |
020 _a9751000157
_cTL0,01
040 _aTR-BiSEU
_btur
_cTR-BiSEU
_erda
041 0 _atur
044 _ctu
050 _aPL254.T9
_bK46 1993
100 1 _aKemal, Namık .
245 1 _aİntibah: Ali Beyin sergüzeşti/
_cNamık Kemal ; Namık Kemal.
264 1 _aİstanbul :
_bİnkılap Kitabevi
_c1993
300 _a224 s. ;
_c21 cm.
336 _ametin
_btxt
_2rdacontent
337 _aaracısız
_bn
_2rdamedia
338 _acilt
_bnc
_2rdacarrier
650 0 _aTürk romanı.
_95504
650 0 _aTurkish fiction.
_96661
942 _2lcc
_cBK
999 _c20132
_d20132